Deori sanskritir itihas (Record no. 10344)

MARC details
000 -LEADER
fixed length control field 00480cam a2200193ua 4500
001 - CONTROL NUMBER
control field 11535
005 - DATE AND TIME OF LATEST TRANSACTION
control field 20260515114750.0
008 - FIXED-LENGTH DATA ELEMENTS--GENERAL INFORMATION
fixed length control field 190930n ii |||gr||||Z||||||asm
040 ## - CATALOGING SOURCE
Transcribing agency MAIN
082 ## - DEWEY DECIMAL CLASSIFICATION NUMBER
Classification number 398.054
100 ## - MAIN ENTRY--PERSONAL NAME
Personal name Padedhar Deori,
Relator term Author.
245 ## - TITLE STATEMENT
Title Deori sanskritir itihas
Statement of responsibility, etc. By Padedhar Deori
250 ## - EDITION STATEMENT
Edition statement 1st ed.
260 ## - PUBLICATION, DISTRIBUTION, ETC.
Place of publication, distribution, etc. Dhemaji:
Name of publisher, distributor, etc. Kiran prakashan,
Date of publication, distribution, etc. 2011.
300 ## - PHYSICAL DESCRIPTION
Extent 186p.
653 ## - INDEX TERM--UNCONTROLLED
Uncontrolled term Folklore
653 ## - INDEX TERM--UNCONTROLLED
Uncontrolled term Cultural history of Deori
942 ## - ADDED ENTRY ELEMENTS (KOHA)
Koha item type Books
Holdings
Withdrawn status Lost status Damaged status Not for loan Home library Current library Shelving location Date acquired Total checkouts Full call number Barcode Date last seen Copy number Price effective from Koha item type
        Naharkatiya College Library Naharkatiya College Library General stacks 09/19/2020   398.054oDEO 26799 09/19/2020 1 09/19/2020 Books
        Naharkatiya College Library Naharkatiya College Library General stacks 09/19/2020   398.054oDEO 26800 09/19/2020 2 09/19/2020 Books